000 00859nam a2200241Ia 4500
003 OSt
005 20220923212848.0
006 a|||||r|||| 00| 0
007 ta
008 220922b |||||||| |||| 00| 0 hin d
024 _a156,360
037 _cTextual
040 _aARTS
_cARTS
_bhin
041 _2hin
_ahin
082 _aO152,6:g, M9
100 _aपरलीकर, स0 म0
245 0 _aहिन्दी के समीक्षात्मक निबन्ध
_b शोध निबन्ण्उ एवं अन्य लेख
246 _aHindī ke samīkṣhātmak nibandha: shodh nibanṇu evan anya lekha
260 _aकानपुर
_b अतुल प्रकाशन
_c1989
300 _a105 पृ.
_ccm.
942 _hO152,6:g, M9
_cTEXL
_2CC
999 _c311678
_d311678